书目信息 |
| 题名: |
TWT 8.0天正给排水设计软件使用手册
|
|
| 作者: | ;北京天正工程软件有限公司 主编 | |
| 分册: | ||
| 出版信息: | 北京 中国建筑工业出版社 2010.10 |
|
| 页数: | 344页 | |
| 开本: | 26cm | |
| 丛书名: | ||
| 单 册: | ||
| 中图分类: | TU991-39 | |
| 科图分类: | ||
| 主题词: | 给排水系统--计算机辅助设计--应用软件 , 计算机辅助设计 , 应用软件 , 给排水系统 | |
| 电子资源: | ||
| ISBN: | 978-7-112-12281-3 | |
| 000 | 00998nam0 2200265 450 | |
| 001 | 010040010379 | |
| 005 | 20120221095959.59 | |
| 010 | @a978-7-112-12281-3@dCNY48.00 | |
| 100 | @a20101029d2010 em y0chiy0110 ea | |
| 101 | 0 | @achi |
| 102 | @aCN@b110000 | |
| 105 | @aa z 000yy | |
| 200 | 1 | @aTWT 8.0天正给排水设计软件使用手册@ATWT 8.0 tian zheng ji pai shui she ji ruan jian shi yong shou ce@f北京天正工程软件有限公司主编 |
| 210 | @a北京@c中国建筑工业出版社@d2010.10 | |
| 215 | @a344页@c图@d26cm | |
| 330 | @a本书主要内容包括:基础概念、给排水平面、系统图、水泵间、专业计算、室外绘图、室外计算、标注、文字与表格、图库图层、绘图工具、文件布图。 | |
| 606 | 0 | @a给排水系统@x计算机辅助设计@x应用软件 |
| 606 | 0 | @a计算机辅助设计 |
| 606 | 0 | @a应用软件 |
| 606 | 0 | @a给排水系统 |
| 610 | 0 | @aTWT |
| 690 | @aTU991-39@v5 | |
| 711 | 02 | @a北京天正工程软件有限公司@Abei jing tian zheng gong cheng ruan jian you xian gong si@4主编 |
| 801 | 0 | @aCN@c20110610 |
| 905 | @b1015913-5@dTU991-39@eB616@f3 | |
| TWT 8.0天正给排水设计软件使用手册/北京天正工程软件有限公司主编.-北京:中国建筑工业出版社,2010.10 |
| 344页:图;26cm |
| ISBN 978-7-112-12281-3:CNY48.00 |
| 本书主要内容包括:基础概念、给排水平面、系统图、水泵间、专业计算、室外绘图、室外计算、标注、文字与表格、图库图层、绘图工具、文件布图。 |
| ● |
| 相关链接 |
|
|
|
正题名:TWT 8.0天正给排水设计软件使用手册
索取号:TU991-39/B616
 
预约/预借
| 序号 | 登录号 | 条形码 | 馆藏地/架位号 | 状态 | 备注 |
| 1 | 1015913 | 210159139 | 建筑库201/201建筑库 127排2列4层/ [索取号:TU991-39/B616] | 在馆 | |
| 2 | 1015914 | 210159148 | 市政与环境工程学院资料室/101建筑库 94排3列1层/ [索取号:TU991-39/B616] | 在馆 | |
| 3 | 1015915 | 210159157 | 市政与环境工程学院资料室/ [索取号:TU991-39/B616] | 在馆 |